Airlines at Gatwick - Statistics

General Stats
  • This quiz has been taken 333 times
  • The average score is 17 of 47
Answer Stats
Answer % Correct
British Airways
95%
Easyjet
91%
Ryanair
84%
Aer Lingus
74%
Emirates
74%
Iberia
68%
Qatar
64%
Norwegian
63%
TAP Portugal
61%
Virgin Atlantic
61%
TUIfly
58%
Vueling
53%
Aeroflot
50%
Swiss
50%
Wizz Air
50%
WestJet
47%
Icelandair
46%
Flybe
45%
Aegean
43%
Austrian
41%
Turkish Airlines
41%
Air Baltic
36%
Air Transat
36%
Air Malta
34%
Royal Air Maroc
34%
Cathay Pacific
29%
Air Europa
28%
Aurigny
26%
China Airlines
25%
Pegasus
22%
Tunisair
20%
WOW Air
20%
Croatia Airlines
19%
Belavia
18%
Air Arabia
15%
Thomas Cook Airlines
14%
Rwandair
12%
UIA
12%
Georgian Airways
8%
Montenegro Airlines
8%
Cobalt
7%
Enterair
7%
Iraqi Airways
7%
Sata
6%
Meridiana
5%
Tianjin Airlines
5%
Balkan Holidays
4%
No matching quizzes found
Score Distribution
Percent of People with Each Score
Percentile by Number Answered
Your Score History
You have not taken this quiz